书目信息 |
| 题名: |
简易测量
|
|
| 作者: | ;上海市城市建设局测量总队 编 | |
| 分册: | ||
| 出版信息: | 上海 上海人民出版社 1974 |
|
| 页数: | 75页 | |
| 开本: | 20cm | |
| 丛书名: | ||
| 单 册: | ||
| 中图分类: | P221 | |
| 科图分类: | ||
| 主题词: | 大地测量学 | |
| 电子资源: | ||
| ISBN: | ||
| 000 | 00646nam0 2200205 450 | |
| 001 | 0631860596 | |
| 005 | 20060516095025.21 | |
| 010 | @dCNY0.17 | |
| 091 | @a15171.137 | |
| 100 | @a20060227d1974 km y0chiy0120 ea | |
| 101 | 0 | @achi |
| 102 | @aCN@b310000 | |
| 200 | 1 | @a简易测量@Ajian yi ce liang@f上海市城市建设局测量总队编@Fshang hai shi cheng shi jian she ju ce liang zong dui bian |
| 210 | @a上海@c上海人民出版社@d1974 | |
| 215 | 1 | @a75页@d20cm |
| 606 | 0 | @a大地测量学 |
| 690 | @aP221@v4 | |
| 711 | 0 | @a上海市城市建设局测量总队@Ashang hai shi cheng shi jian she ju ce liang zong dui@4编 |
| 801 | 0 | @aCN@bPFT@c20060516 |
| 905 | @a10447@dP221@e2 | |
| 简易测量/上海市城市建设局测量总队编.-上海:上海人民出版社,1974 |
| 75页;20cm |
| ISBN :CNY0.17 |
| ● |
| 相关链接 |
|
|
|
|
正题名:简易测量
索取号:P221/2
 
预约/预借
| 序号 | 登录号 | 条形码 | 馆藏地/架位号 | 状态 | 备注 |
| 1 | 0008481 | 001328771 | 密集书库/ [索取号:P221/2] | 在馆 | |
| 2 | 0008482 | 202353096 | 密集书库/ [索取号:P221/2] | 在馆 |